Adivina escudos de la CONMEBOL #2 - Estadísticas

Estadísticas generales
  • Esta prueba ha sido intentada 57 veces
  • La puntuación promedio es 19 de 32
Estadísticas de respuestas
Imagen Respuesta % Correcto
Huracán
98%
Newells Old Boys
98%
Lanús
93%
Rosario Central
93%
Atletico Paranaense
88%
Vasco da Gama
88%
Nacional
83%
Independiente de Medellin
80%
Palestino
80%
Fortaleza
75%
Union Española
75%
Danubio
73%
EC Bahia
68%
Deportes Tolima
65%
Independiente Santa Fe
65%
Montevideo Wanderers
63%
Cienciano
58%
Melgar
58%
Real Potosí
58%
O'Higgins
53%
Sol de America
50%
Universidad Catolica
48%
San José
40%
Blooming
38%
Zamora
38%
Estudiantes de Merida
35%
Sportivo Luqueño
35%
Sport Boys
33%
Sao Caetano
30%
Deportivo Quito
28%
Deportivo Cuenca
23%
Portuguesa
13%
No se encontraron pruebas coincidentes
Distribución de puntuación
Porcentaje de gente con cada puntuación
Porcentaje por número respondido
Historial de tus puntuaciones
No has intentado esta prueba.